Sports Quiz

Random Sports or NHL Quiz

NHL - Top 5 Points Per Franchise (Slideshow) Quiz Stats

Quiz not verified by Sporcle

Challenge
Share
Tweet
Score 0/150 Timer 18:00
0 Plays Today
% Correct
Teemu Selanne
96.6%
Jarome Iginla
91.7%
Ryan Getzlaf
91.6%
Corey Perry
91.4%
Bobby Orr
90.3%
Wayne Gretzky
89.6%
Paul Kariya
88.9%
Joe Sakic
88.3%
Eric Staal
88.1%
Rick Nash
87.6%
Mike Modano
86.4%
Steve Yzerman
85.9%
Mark Messier
85.9%
Gordie Howe
85.6%
Nicklas Lidstrom
84.7%
Raymond Bourque
84.6%
Sidney Crosby
84.3%
Jaromir Jagr
83.6%
Wayne Gretzky
83.2%
Daniel Alfredsson
83%
Peter Forsberg
82.8%
Mario Lemieux
82.7%
Joe Thornton
82.4%
Martin St. Louis
81.4%
Henrik Sedin
80.9%
Daniel Sedin
80.8%
Rod Brind'Amour
80.3%
Phil Esposito
80.3%
Patrik Elias
80.1%
Alex Ovechkin
80%
Jason Spezza
79.3%
Steven Stamkos
79.2%
Jari Kurri
79.2%
Patrick Marleau
79.1%
Vincent Lecavalier
78.7%
Brett Hull
78.1%
Shane Doan
77.5%
Olli Jokinen
77%
Mats Sundin
76.6%
Luc Robitaille
76.2%
Bobby Hull
76.1%
Marian Gaborik
76%
Eric Lindros
75.9%
Sergei Fedorov
75.8%
Mikko Koivu
75.8%
Brian Leetch
75.4%
Stan Mikita
75.3%
Bobby Clarke
74.3%
Guy Lafleur
74.3%
Ilya Kovalchuk
74.3%
% Correct
Theoren Fleury
74%
Ron Francis
73.6%
Mark Messier
72.2%
Maurice Richard
72.1%
Milan Hejduk
71.7%
Mike Bossy
71.7%
Al MacInnis
70.7%
Brad Richards
70.4%
Marcel Dionne
69.6%
Markus Naslund
69.1%
Bryan Trottier
68.1%
Alexei Yashin
67.3%
Henri Richard
67.1%
Paul Coffey
66.1%
David Legwand
65.7%
Peter Stastny
65.6%
Marian Hossa
65%
Owen Nolan
64.6%
Joe Pavelski
64.3%
Ron Francis
64%
Jean Beliveau
63.3%
Trevor Linden
63.2%
Keith Tkachuk
62.9%
Shea Weber
62.3%
Denis Savard
62.2%
Stephen Weiss
61.4%
Nathan Horton
61.4%
Glenn Anderson
61.2%
Scott Niedermayer
60.2%
Peter Bondra
59.5%
Martin Erat
59%
Wade Redden
58.4%
Gilbert Perreault
58.4%
Denis Potvin
58.2%
Johnny Bucyk
58%
Joe Nieuwendyk
57.8%
Pavol Demitra
57.4%
Dale Hawerchuk
55.8%
Bobby Holik
54.3%
Dave Andreychuk
52.7%
Alex Delvecchio
52.7%
Darryl Sittler
51.6%
R.J. Umberger
51.5%
Steve Rucchin
50.6%
Scott Mellanby
50.6%
Michel Goulet
49.9%
Phil Housley
49.6%
Pierre-Marc Bouchard
49%
Dino Ciccarelli
48.3%
Vinny Prospal
47.7%
% Correct
Larry Robinson
47.1%
Dale Hunter
46.5%
Mike Gartner
46.3%
Neal Broten
46.2%
Kimmo Timonen
46.1%
Steve Larmer
44.2%
Bernie Federko
44.2%
Borje Salming
43.7%
Bill Barber
42.5%
Kirk Muller
42.2%
Rick Martin
41.7%
Bernie Nicholls
41.1%
Rod Gilbert
40.7%
Clark Gillies
40.1%
Brian Bellows
39.9%
Dave Taylor
39.3%
Jean Ratelle
39.1%
Stan Smyl
38.6%
Andrew Brunette
37.9%
Rick Middleton
37.8%
John MacLean
36.9%
Vyacheslav Kozlov
36.7%
Teppo Numminen
36.5%
Thomas Steen
36.4%
Brian Rolston
36.2%
Radek Bonk
36.1%
Doug Wilson
35.5%
Jeff O'Neill
35.2%
Kevin Dineen
34.9%
Derick Brassard
34%
Gary Suter
33.9%
Bobby Smith
33%
Brian Propp
32.6%
David Vyborny
31%
J.P. Dumont
30.8%
Dave Keon
30.7%
Andy Bathgate
29.5%
Brent Sutter
28%
Nikolai Zherdev
27.3%
Tobias Enstrom
27.3%
Bryan Little
26.4%
Brian Sutter
26%
George Armstrong
25.9%
Rick MacLeish
25.1%
Jeff Friesen
24.3%
Viktor Kozlov
23.8%
Rick Kehoe
21.7%
Michal Pivonka
19.6%
Garry Unger
17.7%
Craig Ramsay
17.2%

You're not logged in!

Compare scores with friends on all Sporcle quizzes.
Sign Up with Email
OR
Log In

You Might Also Like...

Show Comments

Extras

Top Quizzes Today


Score Distribution

Your Account Isn't Verified!

In order to create a playlist on Sporcle, you need to verify the email address you used during registration. Go to your Sporcle Settings to finish the process.